000 00690nas a2200241 4500
001 BR9502289
003 BR-BrBNA
005 20231205093958.0
007 ta
008 230509b bl.|||p| |||| 00| 00por d
040 _aBR-BrBNA
_bpor
_cBiblioteca Nacional de Agricultura
041 _a(Pt)
072 _aF70
100 1 _aYano, O.
245 1 _aNovas localidades de musgos nos Estados do Brasil
650 _aMusgo
650 _aFlora
650 _aTaxonomia Vegetal
650 _aDistribuicao Geografica
773 0 _tActa Amazonica (Brazil)
_xISSN 0044-5967
_g(Apr-Jun 1992), v. 22(2) p. 197-218
_wBR9502289
909 _a202311
_bLúcia
_c55
_dLúcia Elande
942 _2AGRIS
_n0
_cANA
999 _c141414
_d141414